[Event "Fagernes GM Swiss 2020"]
[Site "Fagernes"]
[Date "2020.10.09"]
[Round "7.10"]
[White "Vestby-Ellingsen, Mads"]
[Black "Abdrlauf, Elham"]
[Result "0-1"]
[WhiteElo "2362"]
[BlackElo "2362"]
[Annotator "ChessBase"]
[PlyCount "76"]
[EventDate "2020.10.04"]
[EventType "swiss"]
[EventCountry "NOR"]
[SourceTitle "playchess.com"]
[Source "ChessBase"]
[SourceQuality "1"]
[TimeControl "40/6000+30:2400+30"]

1. d4 {[%emt 0:00:00]} d5 {[%emt 0:00:00]} 2. c4 {[%emt 0:00:00]} e6 {[%emt 0:00:00]} 3. Nf3 {[%emt 0:00:02]} Nf6 {[%emt 0:00:00]} 4. Nc3 {[%emt 0:00:13]} dxc4 {[%emt 0:00:00]} 5. e4 {[%emt 0:00:52]} b5 {[%emt 0:00:00]} 6. e5 {[%emt 0:00:18]} Nd5 {[%emt 0:00:18]} 7. Nxb5 {[%emt 0:00:13]} Nb6 {[%emt 0:00:02]} 8. Be2 {[%emt 0:00:22]} Be7 {[%emt 0:00:06]} 9. O-O {[%emt 0:00:14]} O-O {[%emt 0:00:12]} 10. Qd2 {[%emt 0:00:15]} Nc6 {[%emt 0:00:04]} 11. Qf4 {[%emt 0:00:28]} Nb4 {[%emt 0:00:03]} 12. Qg3 {[%emt 0:15:19]} Kh8 {[%emt 0:13:27]} 13. Rd1 {[%emt 0:05:55]} Rb8 {[%emt 0:06:13]} 14. Nc3 {[%emt 0:02:45]} Bb7 {[%emt 0:01:24]} 15. Bg5 {[%emt 0:25:55]} f5 {[%emt 0:07:56]} 16. exf6 {[%emt 0:03:02]} gxf6 {[%emt 0:00:38]} 17. Bh6 {[%emt 0:02:38]} Rg8 {[%emt 0:00:24]} 18. Qh3 {[%emt 0:00:24]} Qd7 {[%emt 0:07:39]} 19. Rac1 {[%emt 0:07:54]} N4d5 {[%emt 0:03:43]} 20. b3 {[%emt 0:12:21]} cxb3 {[%emt 0:07:39]} 21. axb3 {[%emt 0:01:19]} Nxc3 {[%emt 0:00:14]} 22. Rxc3 {[%emt 0:00:11]} Nd5 {[%emt 0:00:05]} 23. Rcc1 {[%emt 0:02:05]} Bd6 {[%emt 0:02:07]} 24. Qh4 {[%emt 0:01:33]} Qf7 {[%emt 0:05:06]} 25. Ne1 {[%emt 0:06:56]} Qg6 {[%emt 0:16:55]} 26. g3 {[%emt 0:08:15]} Ne7 {[%emt 0:00:58]} 27. Qh5 {[%emt 0:01:07]} Qxh5 {[%emt 0:03:06]} 28. Bxh5 {[%emt 0:00:07]} Nf5 {[%emt 0:00:06]} 29. Be3 {[%emt 0:03:23]} Bd5 {[%emt 0:01:29]} 30. b4 {[%emt 0:00:28]} Rxb4 {[%emt 0:05:45]} 31. Ra1 {[%emt 0:03:13]} Nxe3 {[%emt 0:01:55]} 32. fxe3 {[%emt 0:00:10]} Rb2 {[%emt 0:01:00]} 33. Nd3 {[%emt 0:01:15]} Rg2+ {[%emt 0:00:11]} 34. Kf1 {[%emt 0:00:08]} Rxh2 {[%emt 0:00:05]} 35. g4 {[%emt 0:01:10]} Bf3 {[%emt 0:00:14]} 36. Nf2 {[%emt 0:00:21]} Bg3 {[%emt 0:00:51]} 37. Rd2 {[%emt 0:00:41]} Bxf2 {[%emt 0:00:08]} 38. Raa2 {[%emt 0:00:07]} Rxh5 {[%emt 0:00:04]} 0-1

[Event "Fagernes GM Swiss 2020"]
[Site "Fagernes"]
[Date "2020.10.09"]
[Round "7.11"]
[White "Skotheim, Andreas"]
[Black "Carlsson, Ludvig"]
[Result "0-1"]
[WhiteElo "2120"]
[BlackElo "2281"]
[Annotator "ChessBase"]
[PlyCount "152"]
[EventDate "2020.10.04"]
[EventType "swiss"]
[EventCountry "NOR"]
[SourceTitle "playchess.com"]
[Source "ChessBase"]
[SourceQuality "1"]
[TimeControl "40/6000+30:2400+30"]

1. e4 {[%emt 0:00:00]} e5 {[%emt 0:00:07]} 2. Nf3 {[%emt 0:00:07]} Nc6 {[%emt 0:00:07]} 3. Bb5 {[%emt 0:00:20]} a6 {[%emt 0:00:08]} 4. Ba4 {[%emt 0:00:07]} Nf6 {[%emt 0:00:07]} 5. O-O {[%emt 0:00:13]} Be7 {[%emt 0:00:06]} 6. d3 {[%emt 0:00:22]} b5 {[%emt 0:01:58]} 7. Bb3 {[%emt 0:00:09]} d6 {[%emt 0:00:34]} 8. a3 {[%emt 0:00:30]} O-O {[%emt 0:05:01]} 9. Nc3 {[%emt 0:00:33]} Na5 {[%emt 0:00:27]} 10. Ba2 {[%emt 0:00:28]} Be6 {[%emt 0:00:08]} 11. b4 {[%emt 0:01:12]} Bxa2 {[%emt 0:00:11]} 12. Rxa2 {[%emt 0:00:18]} Nc6 {[%emt 0:00:07]} 13. Bg5 {[%emt 0:01:08]} Ng4 {[%emt 0:17:42]} 14. Bd2 {[%emt 0:00:18]} Nf6 {[%emt 0:00:16]} 15. Bg5 {[%emt 0:00:49]} Ng4 {[%emt 0:04:08]} 16. Bd2 {[%emt 0:00:12]} Qd7 {[%emt 0:04:59]} 17. Nd5 {[%emt 0:19:20]} f5 {[%emt 0:05:40]} 18. exf5 {[%emt 0:02:21]} Rxf5 {[%emt 0:00:13]} 19. h3 {[%emt 0:02:33]} Nh6 {[%emt 0:01:02]} 20. Bxh6 {[%emt 0:02:06]} gxh6 {[%emt 0:00:08]} 21. Nd2 {[%emt 0:18:05]} Kh8 {[%emt 0:04:00]} 22. a4 {[%emt 0:20:42]} Rg8 {[%emt 0:01:17]} 23. axb5 {[%emt 0:01:45]} Rfg5 {[%emt 0:02:10]} 24. Ne3 {[%emt 0:06:45]} Nxb4 {[%emt 0:02:41]} 25. Rxa6 {[%emt 0:05:32]} Nxa6 {[%emt 0:00:39]} 26. bxa6 {[%emt 0:00:07]} Qc6 {[%emt 0:00:07]} 27. Ne4 {[%emt 0:01:17]} R5g6 {[%emt 0:00:09]} 28. Qa1 {[%emt 0:04:46]} Ra8 {[%emt 0:07:16]} 29. Nf5 {[%emt 0:03:13]} Bd8 {[%emt 0:00:56]} 30. a7 {[%emt 0:01:22]} Qb7 {[%emt 0:00:11]} 31. Rb1 {[%emt 0:02:27]} Rxa7 {[%emt 0:00:11]} 32. Rxb7 {[%emt 0:00:22]} Rxa1+ {[%emt 0:00:07]} 33. Kh2 {[%emt 0:00:05]} Ra8 {[%emt 0:00:16]} 34. c4 {[%emt 0:00:56]} Kg8 {[%emt 0:02:17]} 35. h4 {[%emt 0:03:55]} Kf8 {[%emt 0:00:14]} 36. h5 {[%emt 0:00:38]} Re6 {[%emt 0:00:06]} 37. f3 {[%emt 0:04:43]} Ra3 {[%emt 0:00:50]} 38. Rb8 {[%emt 0:02:11]} Re8 {[%emt 0:00:09]} 39. d4 {[%emt 0:00:34]} exd4 {[%emt 0:02:10]} 40. Nxd4 {[%emt 0:00:38]} Ra4 {[%emt 0:00:12]} 41. Nf5 {[%emt 0:46:34]} Rxc4 {[%emt 0:45:20]} 42. Nexd6 {[%emt 0:00:00]} cxd6 {[%emt 0:00:00]} 43. Nxd6 {[%emt 0:00:00]} Rc5 {[%emt 0:00:00]} 44. Nxe8 {[%emt 0:00:00]} Rxh5+ {[%emt 0:00:00]} 45. Kg3 {[%emt 0:00:00]} Kxe8 {[%emt 0:00:00]} 46. Ra8 {[%emt 0:00:00]} Rg5+ {[%emt 0:00:00]} 47. Kh3 {[%emt 0:00:00]} Rg6 {[%emt 0:00:00]} 48. f4 {[%emt 0:00:00]} Rd6 {[%emt 0:00:00]} 49. Ra3 {[%emt 0:00:00]} Kf7 {[%emt 0:00:00]} 50. Rc3 {[%emt 0:00:00]} Kg6 {[%emt 0:00:00]} 51. Rg3+ {[%emt 0:00:00]} Kf5 {[%emt 0:00:00]} 52. Rg7 {[%emt 0:00:00]} Kxf4 {[%emt 0:00:00]} 53. g3+ {[%emt 0:00:00]} Kf3 {[%emt 0:00:00]} 54. Rf7+ {[%emt 0:00:00]} Ke4 {[%emt 0:00:00]} 55. Rxh7 {[%emt 0:00:00]} Rg6 {[%emt 0:00:00]} 56. Ra7 {[%emt 0:00:00]} Bg5 {[%emt 0:00:00]} 57. Kg2 {[%emt 0:00:00]} Rb6 {[%emt 0:00:00]} 58. Ra4+ {[%emt 0:00:00]} Kf5 {[%emt 0:00:00]} 59. Ra5+ {[%emt 0:00:00]} Kg4 {[%emt 0:00:00]} 60. Ra4+ {[%emt 0:00:00]} Kh5 {[%emt 0:00:00]} 61. Ra3 {[%emt 0:00:00]} Rb4 {[%emt 0:00:00]} 62. Kf3 {[%emt 0:00:00]} Rd4 {[%emt 0:00:00]} 63. Rb3 {[%emt 0:00:00]} Rd1 {[%emt 0:00:00]} 64. Ra3 {[%emt 0:00:00]} Rd2 {[%emt 0:00:00]} 65. Rb3 {[%emt 0:00:00]} Ra2 {[%emt 0:00:00]} 66. Rd3 {[%emt 0:00:00]} Ra5 {[%emt 0:00:00]} 67. Rb3 {[%emt 0:00:00]} Kg6 {[%emt 0:00:00]} 68. Rd3 {[%emt 0:00:00]} Kf5 {[%emt 0:00:00]} 69. Rb3 {[%emt 0:00:29]} Bf6 {[%emt 0:00:00]} 70. Kg2 {[%emt 0:02:49]} Be5 {[%emt 0:00:00]} 71. Kf3 {[%emt 0:01:25]} Ra4 {[%emt 0:00:00]} 72. Rd3 {[%emt 0:02:11]} h5 {[%emt 0:03:33]} 73. Rb3 {[%emt 0:00:27]} Ra2 {[%emt 0:00:10]} 74. Rd3 {[%emt 0:00:42]} Rc2 {[%emt 0:00:05]} 75. Re3 {[%emt 0:04:25]} Bd4 {[%emt 0:00:17]} 76. Re2 {[%emt 0:00:13]} Rxe2 {[%emt 0:00:12]} 0-1

[Event "Fagernes GM Swiss 2020"]
[Site "Fagernes"]
[Date "2020.10.09"]
[Round "7.12"]
[White "Oye-Stromberg, Alexander"]
[Black "Dolzhikova, Olga"]
[Result "1-0"]
[WhiteElo "2048"]
[BlackElo "2208"]
[Annotator "ChessBase"]
[PlyCount "67"]
[EventDate "2020.10.04"]
[EventType "swiss"]
[EventCountry "NOR"]
[SourceTitle "playchess.com"]
[Source "ChessBase"]
[SourceQuality "1"]
[TimeControl "40/6000+30:2400+30"]

1. e4 {[%emt 0:00:00]} g6 {[%emt 0:08:24]} 2. Nc3 {[%emt 0:02:45]} Bg7 {[%emt 0:00:06]} 3. g3 {[%emt 0:00:10]} c5 {[%emt 0:04:10]} 4. Bg2 {[%emt 0:00:08]} Nc6 {[%emt 0:00:57]} 5. d3 {[%emt 0:00:12]} d6 {[%emt 0:00:42]} 6. Be3 {[%emt 0:00:12]} a6 {[%emt 0:01:48]} 7. Qd2 {[%emt 0:03:48]} b5 {[%emt 0:01:06]} 8. f4 {[%emt 0:01:40]} b4 {[%emt 0:05:42]} 9. Nd1 {[%emt 0:00:31]} Bb7 {[%emt 0:00:29]} 10. Ne2 {[%emt 0:01:03]} Nf6 {[%emt 0:07:26]} 11. h3 {[%emt 0:00:16]} Nd7 {[%emt 0:05:02]} 12. O-O {[%emt 0:12:38]} Qc7 {[%emt 0:09:57]} 13. g4 {[%emt 0:07:19]} h5 {[%emt 0:01:36]} 14. g5 {[%emt 0:00:27]} Nd4 {[%emt 0:09:24]} 15. Bxd4 {[%emt 0:09:35]} cxd4 {[%emt 0:02:01]} 16. Qxb4 {[%emt 0:00:46]} a5 {[%emt 0:05:12]} 17. Qd2 {[%emt 0:01:15]} a4 {[%emt 0:00:41]} 18. c4 {[%emt 0:15:12]} dxc3 {[%emt 0:00:34]} 19. Ndxc3 {[%emt 0:00:41]} O-O {[%emt 0:22:12]} 20. f5 {[%emt 0:07:42]} a3 {[%emt 0:01:17]} 21. b3 {[%emt 0:02:40]} gxf5 {[%emt 0:05:42]} 22. Rxf5 {[%emt 0:02:01]} Ne5 {[%emt 0:00:25]} 23. d4 {[%emt 0:03:36]} Ng6 {[%emt 0:00:15]} 24. Rc1 {[%emt 0:13:15]} Qd7 {[%emt 0:03:35]} 25. Ng3 {[%emt 0:03:24]} Nh4 {[%emt 0:03:29]} 26. Rf2 {[%emt 0:00:17]} Nxg2 {[%emt 0:00:16]} 27. Kxg2 {[%emt 0:00:07]} h4 {[%emt 0:07:09]} 28. Nf5 {[%emt 0:00:05]} Rac8 {[%emt 0:01:12]} 29. Qf4 {[%emt 0:02:38]} e5 {[%emt 0:00:39]} 30. Qxh4 {[%emt 0:00:44]} exd4 {[%emt 0:00:31]} 31. g6 {[%emt 0:00:32]} fxg6 {[%emt 0:02:24]} 32. Ne7+ {[%emt 0:00:06]} Qxe7 {[%emt 0:00:04]} 33. Qxe7 {[%emt 0:00:05]} Rxc3 {[%emt 0:00:56]} 34. Rxc3 {[%emt 0:00:20]} 1-0

[Event "Fagernes GM Swiss 2020"]
[Site "Fagernes"]
[Date "2020.10.09"]
[Round "7.13"]
[White "Shehzad, Shazil"]
[Black "Nilsen, Tobias Lang"]
[Result "0-1"]
[WhiteElo "2188"]
[BlackElo "2146"]
[Annotator "ChessBase"]
[PlyCount "60"]
[EventDate "2020.10.04"]
[EventType "swiss"]
[EventCountry "NOR"]
[SourceTitle "playchess.com"]
[Source "ChessBase"]
[SourceQuality "1"]
[TimeControl "40/6000+30:2400+30"]

1. e4 {[%emt 0:00:00]} e6 {[%emt 0:00:00]} 2. d3 {[%emt 0:00:39]} d5 {[%emt 0:00:00]} 3. Qe2 {[%emt 0:00:15]} Nf6 {[%emt 0:00:00]} 4. Nf3 {[%emt 0:00:10]} Be7 {[%emt 0:00:04]} 5. g3 {[%emt 0:00:06]} c5 {[%emt 0:00:08]} 6. Bg2 {[%emt 0:00:05]} Nc6 {[%emt 0:00:07]} 7. O-O {[%emt 0:00:14]} O-O {[%emt 0:00:07]} 8. e5 {[%emt 0:00:12]} Nd7 {[%emt 0:00:07]} 9. c4 {[%emt 0:00:08]} b5 {[%emt 0:00:21]} 10. cxd5 {[%emt 0:06:02]} exd5 {[%emt 0:00:16]} 11. d4 {[%emt 0:01:09]} cxd4 {[%emt 0:04:15]} 12. Rd1 {[%emt 0:03:49]} Qb6 {[%emt 0:03:55]} 13. e6 {[%emt 0:01:33]} Nf6 {[%emt 0:08:59]} 14. exf7+ {[%emt 0:00:25]} Rxf7 {[%emt 0:00:06]} 15. Ne5 {[%emt 0:02:52]} Nxe5 {[%emt 0:00:28]} 16. Qxe5 {[%emt 0:00:11]} Bc5 {[%emt 0:10:35]} 17. Rf1 {[%emt 0:09:53]} Bg4 {[%emt 0:03:57]} 18. f3 {[%emt 0:02:44]} Re8 {[%emt 0:03:00]} 19. Qg5 {[%emt 0:00:42]} h6 {[%emt 0:00:21]} 20. Qg6 {[%emt 0:04:07]} Bh5 {[%emt 0:07:37]} 21. Qd3 {[%emt 0:01:41]} Nd7 {[%emt 0:00:06]} 22. b4 {[%emt 0:02:25]} Bxb4 {[%emt 0:00:49]} 23. Qb3 {[%emt 0:04:09]} Bc5 {[%emt 0:00:43]} 24. Nd2 {[%emt 0:05:55]} Bg6 {[%emt 0:08:01]} 25. Qxd5 {[%emt 0:01:36]} Nf6 {[%emt 0:00:06]} 26. Qb3 {[%emt 0:00:11]} Bc2 {[%emt 0:00:00]} 27. Qb2 {[%emt 0:13:06]} d3+ {[%emt 0:00:00]} 28. Kh1 {[%emt 0:00:06]} Bd4 {[%emt 0:00:00]} 29. Qa3 {[%emt 0:01:12]} b4 {[%emt 0:00:07]} 30. Nc4 {[%emt 0:00:12]} bxa3 {[%emt 0:00:05]} 0-1

[Event "Fagernes GM Swiss 2020"]
[Site "Fagernes"]
[Date "2020.10.09"]
[Round "7.14"]
[White "Tenold, Andreas"]
[Black "Torngren, Gustav"]
[Result "1/2-1/2"]
[WhiteElo "1935"]
[BlackElo "2185"]
[Annotator "ChessBase"]
[PlyCount "100"]
[EventDate "2020.10.04"]
[EventType "swiss"]
[EventCountry "NOR"]
[SourceTitle "playchess.com"]
[Source "ChessBase"]
[SourceQuality "1"]
[TimeControl "40/6000+30:2400+30"]

1. d4 {[%emt 0:00:00]} Nf6 {[%emt 0:03:24]} 2. c4 {[%emt 0:00:00]} g6 {[%emt 0:00:05]} 3. f3 {[%emt 0:00:00]} Bg7 {[%emt 0:00:47]} 4. e4 {[%emt 0:00:00]} d6 {[%emt 0:00:09]} 5. Nc3 {[%emt 0:00:05]} O-O {[%emt 0:00:23]} 6. Nge2 {[%emt 0:00:37]} Nc6 {[%emt 0:00:34]} 7. Be3 {[%emt 0:00:22]} a6 {[%emt 0:00:35]} 8. Qd2 {[%emt 0:00:28]} Na5 {[%emt 0:01:22]} 9. Nc1 {[%emt 0:03:57]} Nd7 {[%emt 0:00:25]} 10. Be2 {[%emt 0:22:37]} c5 {[%emt 0:01:08]} 11. d5 {[%emt 0:03:36]} Ne5 {[%emt 0:10:44]} 12. b3 {[%emt 0:01:00]} e6 {[%emt 0:00:26]} 13. Bg5 {[%emt 0:05:29]} Qe8 {[%emt 0:30:24]} 14. Bh6 {[%emt 0:08:13]} Bxh6 {[%emt 0:02:41]} 15. Qxh6 {[%emt 0:00:10]} f5 {[%emt 0:00:21]} 16. f4 {[%emt 0:21:43]} Nf7 {[%emt 0:06:36]} 17. Qh4 {[%emt 0:01:52]} Qd8 {[%emt 0:02:25]} 18. Qxd8 {[%emt 0:01:55]} Rxd8 {[%emt 0:01:10]} 19. exf5 {[%emt 0:04:48]} gxf5 {[%emt 0:04:29]} 20. a3 {[%emt 0:03:48]} exd5 {[%emt 0:04:13]} 21. Nxd5 {[%emt 0:00:17]} Nc6 {[%emt 0:00:17]} 22. Bd3 {[%emt 0:04:51]} Nd4 {[%emt 0:01:16]} 23. Ne2 {[%emt 0:04:54]} Nxb3 {[%emt 0:06:57]} 24. Rb1 {[%emt 0:00:08]} Na5 {[%emt 0:00:05]} 25. O-O {[%emt 0:06:49]} Rb8 {[%emt 0:02:49]} 26. Ng3 {[%emt 0:02:08]} Be6 {[%emt 0:02:07]} 27. Rbe1 {[%emt 0:03:02]} Bxd5 {[%emt 0:00:30]} 28. cxd5 {[%emt 0:00:01]} b5 {[%emt 0:04:01]} 29. Nxf5 {[%emt 0:01:29]} c4 {[%emt 0:01:07]} 30. Ne7+ {[%emt 0:01:08]} Kh8 {[%emt 0:01:30]} 31. Bc2 {[%emt 0:00:49]} b4 {[%emt 0:06:11]} 32. Rf3 {[%emt 0:02:20]} b3 {[%emt 0:00:30]} 33. Bxh7 {[%emt 0:00:19]} Kxh7 {[%emt 0:00:16]} 34. Rh3+ {[%emt 0:00:05]} Kg7 {[%emt 0:00:52]} 35. Rg3+ {[%emt 0:01:18]} Kh7 {[%emt 0:00:06]} 36. Rh3+ {[%emt 0:01:40]} Nh6 {[%emt 0:06:17]} 37. Re6 {[%emt 0:02:55]} b2 {[%emt 0:00:18]} 38. Rhxh6+ {[%emt 0:00:16]} Kg7 {[%emt 0:00:17]} 39. Nf5+ {[%emt 0:00:21]} Kf8 {[%emt 0:01:02]} 40. Rhf6+ {[%emt 0:01:41]} Kg8 {[%emt 0:00:01]} 41. Rg6+ {[%emt 0:41:22]} Kh8 {[%emt 0:41:31]} 42. Rh6+ {[%emt 0:00:27]} Kg8 {[%emt 0:00:03]} 43. Reg6+ {[%emt 0:01:34]} Kf8 {[%emt 0:00:19]} 44. Rf6+ {[%emt 0:00:34]} Kg8 {[%emt 0:00:35]} 45. Ne7+ {[%emt 0:00:34]} Kg7 {[%emt 0:00:02]} 46. Rhg6+ {[%emt 0:00:43]} Kh8 {[%emt 0:00:05]} 47. Rh6+ {[%emt 0:00:20]} Kg7 {[%emt 0:00:03]} 48. Rhg6+ {[%emt 0:00:37]} Kh8 {[%emt 0:00:02]} 49. Rh6+ {[%emt 0:00:05]} Kg7 {[%emt 0:13:00]} 50. Rfg6+ {[%emt 0:01:33]} Kf8 {[%emt 0:00:30]} 1/2-1/2

[Event "Fagernes GM Swiss 2020"]
[Site "Fagernes"]
[Date "2020.10.09"]
[Round "7.15"]
[White "Kvaloy, Aksel Bu"]
[Black "Eliseev, Sergey"]
[Result "1-0"]
[WhiteElo "2174"]
[BlackElo "2025"]
[Annotator "ChessBase"]
[PlyCount "85"]
[EventDate "2020.10.04"]
[EventType "swiss"]
[EventCountry "NOR"]
[SourceTitle "playchess.com"]
[Source "ChessBase"]
[SourceQuality "1"]
[TimeControl "40/6000+30:2400+30"]

1. e4 {[%emt 0:00:00]} c5 {[%emt 0:00:00]} 2. Nf3 {[%emt 0:00:00]} d6 {[%emt 0:00:00]} 3. d4 {[%emt 0:00:00]} Nf6 {[%emt 0:00:00]} 4. Nc3 {[%emt 0:00:00]} cxd4 {[%emt 0:00:00]} 5. Nxd4 {[%emt 0:00:01]} a6 {[%emt 0:00:09]} 6. Be3 {[%emt 0:00:15]} Ng4 {[%emt 0:00:10]} 7. Bc1 {[%emt 0:00:47]} Nf6 {[%emt 0:00:05]} 8. h3 {[%emt 0:04:10]} e5 {[%emt 0:00:09]} 9. Nb3 {[%emt 0:00:08]} Be6 {[%emt 0:00:38]} 10. f4 {[%emt 0:05:02]} exf4 {[%emt 0:00:05]} 11. Bxf4 {[%emt 0:00:14]} Nc6 {[%emt 0:00:19]} 12. Qe2 {[%emt 0:00:15]} Be7 {[%emt 0:00:36]} 13. O-O-O {[%emt 0:01:32]} Nd7 {[%emt 0:00:11]} 14. Bxd6 {[%emt 0:08:55]} Bxd6 {[%emt 0:40:12]} 15. Rxd6 {[%emt 0:00:36]} Qg5+ {[%emt 0:12:38]} 16. Qd2 {[%emt 0:02:29]} Qe5 {[%emt 0:00:38]} 17. Be2 {[%emt 0:02:14]} Ke7 {[%emt 0:19:03]} 18. Rd1 {[%emt 0:03:08]} Nf6 {[%emt 0:07:39]} 19. Nd4 {[%emt 0:08:31]} Nxd4 {[%emt 0:10:19]} 20. Rxd4 {[%emt 0:00:20]} b5 {[%emt 0:03:56]} 21. Nd5+ {[%emt 0:02:37]} Bxd5 {[%emt 0:00:37]} 22. exd5 {[%emt 0:00:32]} Qd6 {[%emt 0:00:54]} 23. Bf3 {[%emt 0:06:03]} Rhe8 {[%emt 0:01:32]} 24. Re1+ {[%emt 0:08:51]} Kf8 {[%emt 0:00:12]} 25. Rxe8+ {[%emt 0:01:28]} Nxe8 {[%emt 0:04:09]} 26. Qf4 {[%emt 0:02:15]} Qxf4+ {[%emt 0:01:36]} 27. Rxf4 {[%emt 0:00:02]} Rc8 {[%emt 0:01:10]} 28. Kd2 {[%emt 0:02:19]} Ke7 {[%emt 0:01:50]} 29. Kd3 {[%emt 0:02:07]} Nf6 {[%emt 0:04:50]} 30. b3 {[%emt 0:01:33]} Kd6 {[%emt 0:00:36]} 31. c4 {[%emt 0:01:18]} Nd7 {[%emt 0:00:14]} 32. Kd4 {[%emt 0:01:43]} Ne5 {[%emt 0:00:22]} 33. Be2 {[%emt 0:01:09]} bxc4 {[%emt 0:00:24]} 34. bxc4 {[%emt 0:00:15]} Rc5 {[%emt 0:00:09]} 35. Rf1 {[%emt 0:01:59]} Ra5 {[%emt 0:00:08]} 36. Rb1 {[%emt 0:04:43]} f6 {[%emt 0:01:57]} 37. Rb7 {[%emt 0:01:29]} Nd7 {[%emt 0:00:24]} 38. Bg4 {[%emt 0:01:16]} Nc5 {[%emt 0:00:36]} 39. Rb6+ {[%emt 0:00:41]} Ke7 {[%emt 0:00:05]} 40. Rc6 {[%emt 0:00:30]} Na4 {[%emt 0:00:17]} 41. d6+ {[%emt 0:40:36]} Kf7 {[%emt 0:02:05]} 42. d7 {[%emt 0:00:00]} f5 {[%emt 0:00:28]} 43. d8=Q {[%emt 0:39:27]} 1-0

[Event "Fagernes GM Swiss 2020"]
[Site "Fagernes"]
[Date "2020.10.09"]
[Round "7.16"]
[White "Holleland, Sigve"]
[Black "Lund, Gunnar"]
[Result "0-1"]
[WhiteElo "2133"]
[BlackElo "2302"]
[Annotator "ChessBase"]
[PlyCount "80"]
[EventDate "2020.10.04"]
[EventType "swiss"]
[EventCountry "NOR"]
[SourceTitle "playchess.com"]
[Source "ChessBase"]
[SourceQuality "1"]
[TimeControl "40/6000+30:2400+30"]

1. e4 {[%emt 0:01:11]} e5 {[%emt 0:00:00]} 2. Nf3 {[%emt 0:00:16]} Nc6 {[%emt 0:00:53]} 3. Bb5 {[%emt 0:00:23]} a6 {[%emt 0:00:06]} 4. Ba4 {[%emt 0:00:03]} Nf6 {[%emt 0:00:08]} 5. d3 {[%emt 0:00:33]} d6 {[%emt 0:00:41]} 6. Nbd2 {[%emt 0:00:47]} Be7 {[%emt 0:01:33]} 7. Nf1 {[%emt 0:01:07]} b5 {[%emt 0:03:04]} 8. Bb3 {[%emt 0:01:37]} Na5 {[%emt 0:00:31]} 9. Ng3 {[%emt 0:02:08]} O-O {[%emt 0:04:09]} 10. c3 {[%emt 0:01:36]} Nxb3 {[%emt 0:00:03]} 11. axb3 {[%emt 0:00:09]} Re8 {[%emt 0:07:56]} 12. O-O {[%emt 0:02:58]} Bf8 {[%emt 0:06:40]} 13. d4 {[%emt 0:06:33]} exd4 {[%emt 0:05:56]} 14. Qxd4 {[%emt 0:01:32]} c5 {[%emt 0:02:18]} 15. Qd3 {[%emt 0:01:04]} Nxe4 {[%emt 0:14:13]} 16. Nxe4 {[%emt 0:00:06]} Bf5 {[%emt 0:00:05]} 17. Re1 {[%emt 0:05:46]} d5 {[%emt 0:00:30]} 18. Bg5 {[%emt 0:02:08]} Rxe4 {[%emt 0:08:56]} 19. Qxe4 {[%emt 0:02:02]} dxe4 {[%emt 0:05:33]} 20. Bxd8 {[%emt 0:00:07]} Rxd8 {[%emt 0:00:01]} 21. Ne5 {[%emt 0:07:50]} Rd2 {[%emt 0:06:19]} 22. Red1 {[%emt 0:06:19]} Rxb2 {[%emt 0:00:10]} 23. g4 {[%emt 0:00:14]} Be6 {[%emt 0:00:19]} 24. Rxa6 {[%emt 0:00:53]} g5 {[%emt 0:03:18]} 25. Rd8 {[%emt 0:19:17]} Kg7 {[%emt 0:01:53]} 26. Re8 {[%emt 0:12:05]} Bxb3 {[%emt 0:05:54]} 27. Nd7 {[%emt 0:04:38]} b4 {[%emt 0:04:40]} 28. cxb4 {[%emt 0:01:41]} Rb1+ {[%emt 0:01:39]} 29. Kg2 {[%emt 0:00:11]} Bc4 {[%emt 0:00:44]} 30. Rf6 {[%emt 0:09:27]} Bf1+ {[%emt 0:05:14]} 31. Kg3 {[%emt 0:00:04]} Bd6+ {[%emt 0:00:20]} 32. f4 {[%emt 0:00:19]} Bxf4+ {[%emt 0:01:33]} 33. Rxf4 {[%emt 0:02:52]} gxf4+ {[%emt 0:00:32]} 34. Kxf4 {[%emt 0:00:05]} Bb5 {[%emt 0:03:06]} 35. Re7 {[%emt 0:01:26]} e3 {[%emt 0:02:30]} 36. Ne5 {[%emt 0:04:39]} e2 {[%emt 0:01:15]} 37. Nf3 {[%emt 0:00:04]} Rxb4+ {[%emt 0:00:25]} 38. Ke3 {[%emt 0:00:56]} Kf6 {[%emt 0:02:06]} 39. Rc7 {[%emt 0:00:15]} Rb3+ {[%emt 0:00:08]} 40. Kf2 {[%emt 0:00:34]} Rxf3+ {[%emt 0:00:11]} 0-1